|
|
|
|
| LEADER |
00833pam a22002538a 4500 |
| 001 |
00025047 |
| 005 |
20171026081023.0 |
| 008 |
110729s1981 ||||||viesd |
| 041 |
0 |
# |
|a vie
|
| 082 |
1 |
4 |
|a 895.922 134
|b S431N
|
| 100 |
1 |
# |
|a Đào Ngọc Vĩnh
|
| 245 |
1 |
0 |
|a Sóng nắng
|b Thơ
|c Đào Ngọc Vĩnh, Trúc Chi, Tô Hà
|
| 260 |
# |
# |
|a H.
|b Tác phẩm mới
|c 1981
|
| 300 |
# |
# |
|a 154tr.
|c 19 cm.
|
| 650 |
# |
4 |
|a Thơ
|
| 650 |
# |
4 |
|a Việt Nam
|
| 650 |
# |
4 |
|a Văn học hiện đại
|
| 700 |
1 |
# |
|a Trúc Chi
|
| 700 |
1 |
# |
|a Tô Hà
|
| 852 |
# |
# |
|b Kho đọc
|j KD.0010357
|
| 852 |
# |
# |
|j KD.0010357
|j KM.0009208
|j KM.0009209
|j KM.0009210
|
| 852 |
# |
# |
|j KM.0009208, KM.0009209, KM.0009210
|b Kho mượn
|
| 910 |
|
|
|d 29/07/2011
|
| 980 |
# |
# |
|a Trung tâm Học liệu Lê Vũ Hùng, Trường Đại học Đồng Tháp
|